007490000a22002050004500952009000000999001700090001001000107003001000117005001700127008004100144022001400185040004100199041000800240100002800248245007100276300005900347546002200406773010700428942000800535 001040708HEMaFUSBCbFUSBCd2016-01-26l0o r2016-01-26 00:00:00w2016-01-26yANA c54137d54137768714001CO-MdFUSB20170812105046.0170812s2000 xxu||||| |||| 00| 0 eng d a0098-9444 aCO-MdFUSBbspacCO-MdFUSBdCO-MdFUSB aspa1 aMeyers, Eric M.eautor 10aThe pools of sepphoris : britual baths or bathtubs? Yes, they are aVolumen 26. Número 4 (2000), Páginas 46-49c28 cm. aTexto en inglés0 tBiblical Archaeology Review049395959473gVolumen 26. Número 4 (2000), Páginas 46-49qPágina 46 cANA